000
00322nam a2200133Ia 4500
008
190216s9999||||xx |||||||||||||| ||und||
100
_a
Gupta.R.B And Anita Kaithal
245
0
_a
Design And Production Process
250
_a
1st Ed.
260
_b
Satya Prakasan
_c
1994
300
_a
651
650
_a
Computer
942
_c
BK
999
_c
8555
_d
8555